[Event "Elit(Upsala-Vasteras)"]
[Site "?"]
[Date "2014.03.08"]
[Round "8"]
[White "Norberg, Johan"]
[Black "Glimbrant, Torbjorn"]
[Result "1/2-1/2"]
[WhiteElo "2365"]
[BlackElo "2336"]
[PlyCount "114"]

1. g3 c5 2. Bg2 d5 3. c4 Nf6 4. cxd5 Nxd5 5. Nc3 Nxc3 6. bxc3 g6 7. Rb1 Qc7 8.
Qa4+ Nd7 9. Nf3 Bg7 10. O-O O-O 11. d4 e5 12. Be3 Nb6 13. Qa5 cxd4 14. cxd4
exd4 15. Nxd4 Qd8 16. Qc5 Re8 17. Nb5 Bf5 18. Rbd1 Nd7 19. Qc1 Rc8 20. Qa3 a6
21. Nd6 Bf8 22. Bxb7 Rc2 23. Qxa6 Bxd6 24. Rxd6 Rxe3 25. fxe3 Qe7 26. e4 Bh3
27. Qd3 Bxf1 28. Rxd7 Qc5+ 29. Qd4 Qxd4+ 30. Rxd4 Bxe2 31. Bd5 Bg4 32. e5 Be6
33. a4 Re2 34. Re4 Rc2 35. Bxe6 fxe6 36. Rb4 Ra2 37. h4 Kg7 38. Kf1 h5 39. Rb7+
Kh6 40. Re7 Rxa4 41. Rxe6 Kg7 42. Kf2 Rg4 43. Kf3 g5 44. hxg5 Rxg5 45. Kf4 Rg4+
46. Kf5 Rxg3 47. Re7+ Kf8 48. Rh7 Rg7 49. Rxh5 Ke7 50. Rh6 Rf7+ 51. Rf6 Rxf6+
52. exf6+ Kf7 53. Ke5 Kf8 54. Kd4 Kf7 55. Kc3 Ke6 56. f7 Ke7 57. Kb2 Kxf7
1/2-1/2

[Event "Elit(Upsala-Vasteras)"]
[Site "?"]
[Date "2014.03.08"]
[Round "8"]
[White "Johansson, Carl Fredrik"]
[Black "Janse, Rasmus"]
[Result "0-1"]
[WhiteElo "2224"]
[BlackElo "2281"]
[PlyCount "88"]

1. d4 g6 2. c4 Bg7 3. e4 Nc6 4. Be3 d6 5. Nc3 e5 6. d5 Nd4 7. Nge2 Nxe2 8. Bxe2
f5 9. f3 b6 10. g4 f4 11. Bf2 h5 12. gxh5 Rxh5 13. Qc2 Bh3 14. O-O-O Bg2 15.
Rhg1 Rxh2 16. Be1 Bh3 17. Rxg6 Kf7 18. Rg1 Qd7 19. Bd2 Nf6 20. Rh1 Rxh1 21.
Rxh1 Rh8 22. Qd3 Nh5 23. Bd1 Ng3 24. Rg1 Bf6 25. Nb5 a6 26. Na7 c5 27. Nc6 Qc7
28. Ba4 Bd7 29. Be1 Rh3 30. Qd2 Qc8 31. Kb1 Qh8 32. Nxe5+ Bxe5 33. Bxd7 Rh2 34.
Be6+ Ke7 35. Rg2 Rh1 36. Kc2 Nf1 37. Rg8 Qxg8 38. Bxg8 Nxd2 39. Bxd2 Rf1 40. b4
Rxf3 41. bxc5 dxc5 42. Be1 Ra3 43. Bh4+ Kd6 44. Kb1 Rh3 0-1

[Event "Elit(Upsala-Vasteras)"]
[Site "?"]
[Date "2014.03.08"]
[Round "8"]
[White "Norberg, Erik"]
[Black "Marttala, Thomas"]
[Result "1-0"]
[WhiteElo "2246"]
[BlackElo "2227"]
[PlyCount "61"]

1. g3 Nf6 2. Bg2 d5 3. Nf3 g6 4. c4 Bg7 5. cxd5 O-O 6. Nc3 Nxd5 7. O-O Nc6 8.
d4 Nb6 9. e3 Bf5 10. d5 Na5 11. Nd4 Bd7 12. b3 c6 13. e4 cxd5 14. exd5 Nc8 15.
Be3 Nd6 16. Rc1 Re8 17. Qd2 Rc8 18. Nce2 a6 19. Qb4 Rxc1 20. Rxc1 b5 21. Nc6
Nxc6 22. dxc6 Bf5 23. c7 Qc8 24. Qc5 Be4 25. Bxe4 Nxe4 26. Qc6 Nd6 27. Bf4 e5
28. Qxd6 exf4 29. Nxf4 Be5 30. Qc6 Bxc7 31. Nd5 1-0

[Event "Elit(Upsala-Vasteras)"]
[Site "?"]
[Date "2014.03.08"]
[Round "8"]
[White "Johansson, Thomas"]
[Black "Brustkern, Jurgen"]
[Result "1-0"]
[WhiteElo "2232"]
[BlackElo "2262"]
[PlyCount "91"]
[EventDate "2014.??.??"]

1. e4 d5 2. exd5 Qxd5 3. Nc3 Qd6 4. d4 Nf6 5. Nf3 a6 6. g3 Bg4 7. Bg2 Nc6 8. d5
Nb4 9. Bf4 Qc5 10. Be3 Qa5 11. h3 Bh5 12. Qd2 O-O-O 13. Ne5 Nbxd5 14. Nxd5
Qxd2+ 15. Bxd2 Nxd5 16. g4 Bg6 17. h4 f6 18. Nxg6 hxg6 19. Be4 e6 20. Bxg6 Bd6
21. Be4 Nf4 22. Be3 Be5 23. c3 g6 24. Bxf4 Bxf4 25. Bxg6 Rd2 26. Rb1 Kb8 27.
Rh3 e5 28. h5 c6 29. Rd3 Rxd3 30. Bxd3 Rd8 31. Ke2 Kc7 32. Rd1 a5 33. Kf3 Rg8
34. Bc4 Rg7 35. Be6 Re7 36. Bf5 Bg5 37. Ke4 a4 38. c4 b6 39. b4 Bh6 40. c5 b5
41. Rd6 Bg5 42. f3 Rg7 43. Kd3 Re7 44. Be4 Rd7 45. Rxd7+ Kxd7 46. Bxc6+ 1-0

[Event "Elit(Farsta-Limhamn)"]
[Site "?"]
[Date "2014.03.08"]
[Round "8"]
[White "Nikcevic, Nebojsa"]
[Black "Brynell, Stellan"]
[Result "1/2-1/2"]
[WhiteElo "2494"]
[BlackElo "2549"]
[PlyCount "49"]
[SourceDate "2014.03.14"]

1. Nf3 c5 2. c4 Nc6 3. Nc3 g6 4. e3 Nf6 5. d4 cxd4 6. exd4 d5 7. cxd5 Nxd5 8.
Qb3 e6 9. Bb5 Bg7 10. O-O O-O 11. Rd1 Na5 12. Qa3 Nxc3 13. Qxc3 a6 14. Be2 Bd7
15. Bg5 f6 16. Bd2 Nc6 17. Qb3 Qe7 18. Rac1 Qd6 19. Bc3 Kh8 20. d5 exd5 21.
Rxd5 Qe7 22. Rdd1 Be6 23. Bc4 Bxc4 24. Qxc4 Qf7 25. Qxf7 1/2-1/2

[Event "Elit(Farsta-Limhamn)"]
[Site "?"]
[Date "2014.03.08"]
[Round "8"]
[White "Jepson, Christian"]
[Black "Lundin, Jan"]
[Result "0-1"]
[WhiteElo "2471"]
[BlackElo "2383"]
[PlyCount "136"]

1. d4 d5 2. Nf3 e6 3. c4 dxc4 4. e3 Nf6 5. Bxc4 c5 6. O-O Nc6 7. Nc3 a6 8. Bb3
Qc7 9. Qe2 Bd6 10. dxc5 Bxc5 11. Bd2 O-O 12. Rac1 Bd6 13. Rfd1 Bd7 14. h3 Rfd8
15. e4 Be8 16. Be3 Bf4 17. g3 Bxe3 18. Qxe3 Rxd1+ 19. Rxd1 Nd7 20. Rc1 Rd8 21.
Na4 Nde5 22. Nxe5 Qxe5 23. Rc5 Qd4 24. Qxd4 Rxd4 25. Rc1 Rxe4 26. Nc5 Rb4 27.
Rd1 Kf8 28. f4 Nd4 29. Kf2 Ke7 30. Ke3 Nf5+ 31. Kf2 Bc6 32. Nd3 Rd4 33. Ne5 Bd5
34. Rxd4 Nxd4 35. Bxd5 exd5 36. Ke3 Nf5+ 37. Kf3 f6 38. Nd3 Kd6 39. g4 Nd4+ 40.
Ke3 Ne6 41. Ne1 Kc5 42. Nf3 g5 43. fxg5 Nxg5 44. Ng1 d4+ 45. Kf4 Kc4 46. h4 d3
47. Ke3 Ne4 48. Nf3 d2 49. Ke2 Kd5 50. g5 fxg5 51. hxg5 Ke6 52. Nh4 Nxg5 53.
Kxd2 Ke5 54. Ke3 Ne6 55. Kf3 Kd4 56. Nf5+ Kd3 57. Nd6 b5 58. b3 Nc5 59. Kf4 Kc3
60. Ke5 Nxb3 61. Ne4+ Kb4 62. axb3 a5 63. Nd6 a4 64. bxa4 bxa4 65. Nf5 a3 66.
Nd4 a2 67. Ke4 Kc3 68. Nb5+ Kb2 0-1

[Event "Elit(Farsta-Limhamn)"]
[Site "?"]
[Date "2014.03.08"]
[Round "8"]
[White "Ernst, Thomas"]
[Black "Ahlander, Bjorn"]
[Result "0-1"]
[WhiteElo "2356"]
[BlackElo "2521"]
[PlyCount "36"]

1. e4 c5 2. Nf3 e6 3. d4 cxd4 4. Nxd4 Nf6 5. Nc3 d6 6. g4 h6 7. h3 Nc6 8. Be3
a6 9. f4 d5 10. e5 Nd7 11. Qd2 g5 12. Nxd5 exd5 13. e6 Nf6 14. exf7+ Kxf7 15.
Bg2 gxf4 16. Bxf4 Nxd4 17. Qxd4 Qe7+ 18. Kf1 Qc5 0-1

[Event "Elit(Farsta-Limhamn)"]
[Site "?"]
[Date "2014.03.08"]
[Round "8"]
[White "Schneider, Stefan"]
[Black "Lissang, Christopher"]
[Result "1-0"]
[WhiteElo "2423"]
[BlackElo "2285"]
[PlyCount "150"]

1. d4 Nf6 2. c4 e6 3. Nf3 Bb4+ 4. Nbd2 b6 5. a3 Bxd2+ 6. Bxd2 Bb7 7. Bg5 d6 8.
e3 Nbd7 9. Be2 O-O 10. O-O h6 11. Bh4 Qe7 12. Qc2 c5 13. Rfd1 Rac8 14. dxc5
bxc5 15. b4 Bxf3 16. gxf3 Ne5 17. f4 Ng6 18. Bg3 Rfd8 19. b5 d5 20. Bf3 d4 21.
a4 e5 22. a5 d3 23. Qb3 e4 24. Bg2 h5 25. f5 Ne5 26. Qc3 Nf3+ 27. Bxf3 exf3 28.
b6 Qe4 29. Qe5 Qg4 30. Qf4 Qh3 31. Qxf3 h4 32. b7 Rb8 33. a6 hxg3 34. hxg3 Ng4
35. Qg2 Qxg2+ 36. Kxg2 Ne5 37. Ra5 Nxc4 38. Rxc5 Nb6 39. Kf3 Nd7 40. Rd5 f6 41.
Ke4 Ne5 42. f4 Rxd5 43. Kxd5 Rd8+ 44. Ke4 Nd7 45. Kxd3 Nb8+ 46. Ke2 Rxd1 47.
Kxd1 Nxa6 48. e4 Nb8 49. g4 Kf7 50. e5 Ke7 51. g5 a5 52. Kc2 Nc6 53. exf6+ gxf6
54. g6 a4 55. Kb2 Nb8 56. Kc3 Na6 57. Kc4 a3 58. Kc3 Kf8 59. Kc2 Kg7 60. Kb1
Kf8 61. Ka2 Kg7 62. Kxa3 Kf8 63. Kb2 Kg7 64. Kc3 Kf8 65. Kc4 Ke7 66. Kb5 Nb8
67. Kb6 Kf8 68. Kc7 Na6+ 69. Kc8 Ke7 70. b8=Q Nxb8 71. Kxb8 Kf8 72. Kc7 Ke7 73.
Kc6 Kf8 74. Kd6 Kg7 75. Ke7 Kh6 1-0

[Event "Elit(Farsta-Limhamn)"]
[Site "?"]
[Date "2014.03.08"]
[Round "8"]
[White "von Bahr, Oskar"]
[Black "Johansson, Linus"]
[Result "1/2-1/2"]
[WhiteElo "2368"]
[BlackElo "2425"]
[PlyCount "120"]

1. c4 c5 2. g3 Nc6 3. Bg2 g6 4. Nc3 Bg7 5. Nf3 e6 6. d4 cxd4 7. Nb5 d5 8. cxd5
exd5 9. O-O Nge7 10. Bf4 O-O 11. Qd2 Be6 12. Nbxd4 Qd7 13. Bh6 Rad8 14. Rfd1
Rfe8 15. Bxg7 Kxg7 16. Rac1 f6 17. Qf4 Bf7 18. h4 Qd6 19. Qxd6 Rxd6 20. e3 a6
21. Rc3 Rc8 22. Rdc1 Nxd4 23. Nxd4 Rxc3 24. Rxc3 Nc6 25. Nxc6 Rxc6 26. Rxc6
bxc6 27. b4 Be6 28. Kf1 Kf8 29. Ke2 Ke7 30. Kd3 Kd6 31. Kd4 h6 32. Bf1 Bc8 33.
f4 g5 34. fxg5 fxg5 35. hxg5 hxg5 36. Bd3 a5 37. bxa5 c5+ 38. Kc3 Bd7 39. e4
d4+ 40. Kc4 Kc6 41. Kb3 Bg4 42. a6 Bd1+ 43. Ka3 Bf3 44. Ka4 Kb6 45. Kb3 Bd1+
46. Kc4 Bh5 47. Kb3 Bd1+ 48. Bc2 Be2 49. Bb1 Bxa6 50. e5 c4+ 51. Kb4 c3 52. a4
Be2 53. a5+ Kc6 54. Be4+ Kd7 55. Bf5+ Ke7 56. Kb3 Bd1+ 57. Bc2 Be2 58. Bf5 Bd1+
59. Bc2 Be2 60. Bf5 Bd1+ 1/2-1/2

[Event "Elit(Farsta-Limhamn)"]
[Site "?"]
[Date "2014.03.08"]
[Round "8"]
[White "Lindgren, Philip"]
[Black "Svensk, Ingemar"]
[Result "0-1"]
[WhiteElo "2413"]
[BlackElo "2249"]
[PlyCount "80"]

1. d4 d5 2. c4 dxc4 3. e4 e5 4. Nf3 Bb4+ 5. Nc3 exd4 6. Nxd4 Ne7 7. Bxc4 Nbc6
8. Ndb5 Qxd1+ 9. Kxd1 Bg4+ 10. f3 O-O-O+ 11. Ke2 Be6 12. Bxe6+ fxe6 13. a3 Bc5
14. Na4 Bd4 15. Bg5 Bf6 16. Be3 a6 17. Nbc3 Nd4+ 18. Kf2 Nec6 19. Rad1 Nc2 20.
Ne2 Ne5 21. Bc1 Nd3+ 22. Kg3 b5 23. Nac3 c5 24. Nd5 Nxb2 25. Rd2 exd5 26. Rxc2
Nc4 27. exd5 Rxd5 28. Nc3 Bxc3 29. Rxc3 Re8 30. h4 g6 31. Bf4 Kb7 32. a4 Nb6
33. axb5 axb5 34. h5 gxh5 35. Rb1 Kc6 36. Be3 Nc4 37. Bc1 Re1 38. Kf2 Rdd1 39.
f4 Nd6 40. Rc2 Ne4+ 0-1

[Event "Elit(Farsta-Limhamn)"]
[Site "?"]
[Date "2014.03.08"]
[Round "8"]
[White "Lagerborg, Krister"]
[Black "Mansson, Lars"]
[Result "1-0"]
[WhiteElo "2170"]
[BlackElo "2285"]
[PlyCount "117"]

1. e4 c6 2. d4 d5 3. e5 Bf5 4. Nf3 e6 5. Be2 Nd7 6. Be3 Ne7 7. Nh4 Qb6 8. b3
Nxe5 9. Nxf5 Nxf5 10. dxe5 Nxe3 11. fxe3 Qxe3 12. Qd3 Qc1+ 13. Qd1 Qf4 14. c3
Bc5 15. Qd3 d4 16. Rf1 Qc1+ 17. Qd1 Qb2 18. Nd2 O-O-O 19. Ne4 dxc3 20. Qc1 Bb4
21. Rxf7 c2+ 22. Kf1 Qxe5 23. a3 Rhf8 24. Rf3 Ba5 25. b4 Bb6 26. Nc5 Rxf3+ 27.
Bxf3 Qxh2 28. Qe1 Qh1+ 29. Kf2 Qh4+ 30. Kg1 Qd4+ 31. Kh1 Rd6 32. Rc1 e5 33. g3
Rf6 34. Kg2 Bxc5 35. bxc5 Qxc5 36. Qe4 Qxa3 37. Bg4+ Kc7 38. Qxe5+ Qd6 39. Qa5+
Kb8 40. Rxc2 b6 41. Qc3 Qd5+ 42. Bf3 Qf5 43. Qb3 Kc7 44. Re2 b5 45. Qe3 Qxf3+
46. Qxf3 Rxf3 47. Kxf3 b4 48. Re7+ Kb6 49. Rxg7 b3 50. Rxh7 a5 51. Ke3 Kc5 52.
Kd3 Kb4 53. Rb7+ Ka3 54. Kc3 a4 55. g4 c5 56. g5 c4 57. Rb4 b2 58. Rxa4+ Kxa4
59. Kxb2 1-0

[Event "Elit(Farsta-Limhamn)"]
[Site "?"]
[Date "2014.03.08"]
[Round "8"]
[White "Penalver, Osmani"]
[Black "Wieweg, Johnny"]
[Result "1-0"]
[WhiteElo "2287"]
[BlackElo "2153"]
[PlyCount "79"]

1. d4 Nf6 2. c4 e5 3. dxe5 Ng4 4. Nf3 Bc5 5. e3 Nc6 6. a3 a5 7. Bd2 O-O 8. Bc3
Qe7 9. Bd3 Ncxe5 10. Nxe5 Nxe5 11. Bxh7+ Kxh7 12. Qh5+ Kg8 13. Qxe5 Qxe5 14.
Bxe5 d6 15. Bc3 a4 16. Nd2 Be6 17. h4 d5 18. h5 dxc4 19. h6 f6 20. hxg7 Kxg7
21. Ne4 Be7 22. Ng5 Bg8 23. g4 b5 24. Nh3 c5 25. g5 b4 26. gxf6+ Bxf6 27. Bxf6+
Rxf6 28. Nf4 Rb6 29. Rg1+ Kh7 30. O-O-O Ra7 31. Rg5 c3 32. Rh1+ Rh6 33. Rxh6+
Kxh6 34. Rxg8 cxb2+ 35. Kxb2 Rd7 36. Kc2 b3+ 37. Kc3 Rd1 38. Nd3 Ra1 39. Rg4
Rxa3 40. Nb2 1-0

[Event "Elit(Limhamn-Team Viking)"]
[Site "?"]
[Date "2014.03.09"]
[Round "9"]
[White "Agrest, Evgenij"]
[Black "Ahlander, Bjorn"]
[Result "1-0"]
[WhiteElo "2684"]
[BlackElo "2521"]
[PlyCount "169"]
[SourceDate "2014.03.14"]

1. c4 e5 2. Nc3 Nf6 3. Nf3 Nc6 4. g3 d5 5. cxd5 Nxd5 6. Bg2 Nb6 7. O-O Be7 8.
Rb1 O-O 9. b4 a6 10. a3 Be6 11. d3 f6 12. Ne4 Rb8 13. Bb2 Kh8 14. Nc5 Bxc5 15.
bxc5 Nd5 16. Qc2 Qd7 17. Rfd1 Qf7 18. d4 exd4 19. Nxd4 Nxd4 20. Bxd4 Rfd8 21.
Ba1 Re8 22. Rd4 b6 23. cxb6 Nxb6 24. Bc6 Red8 25. Rbd1 Rxd4 26. Rxd4 Nc4 27. a4
Nd6 28. Bf3 h6 29. Kg2 Nc4 30. Rd1 Nd6 31. Qc5 Qd7 32. h4 Rb6 33. Rc1 Ne8 34.
Qf8+ Bg8 35. a5 Rd6 36. Rb1 Qf7 37. Qxf7 Bxf7 38. Rb8 Kh7 39. Bc3 f5 40. Rc8 g5
41. hxg5 hxg5 42. g4 fxg4 43. Bxg4 Be6 44. Bxe6 Rxe6 45. e3 Kg6 46. Bd4 Kf7 47.
Kf3 Kg6 48. Kg4 Re4+ 49. Kg3 Re7 50. Ra8 Re6 51. Kf3 Kf5 52. Rc8 Kg6 53. Ke2
Kf5 54. Ra8 Kg6 55. Kd3 Kf7 56. Rd8 Kg6 57. Rd7 Kf5 58. Rd5+ Kg6 59. Rc5 c6 60.
e4 Nc7 61. Be3 Rd6+ 62. Ke2 Ne6 63. Rc1 Kf6 64. f3 Ke5 65. Rg1 Kf6 66. Rb1 c5
67. Rb6 Ke5 68. Rb7 Nd4+ 69. Bxd4+ Kxd4 70. Rg7 Rh6 71. Rd7+ Kc4 72. Ke3 Rg6
73. Rb7 g4 74. Rb6 Rg8 75. fxg4 Rxg4 76. Rxa6 Kb5 77. Ra8 Kc6 78. a6 c4 79.
Rc8+ Kb6 80. Rxc4 Kxa6 81. Kd4 Rg8 82. e5 Kb5 83. Rc1 Rd8+ 84. Ke4 Re8 85. Kd5
1-0

[Event "Elit(Limhamn-Team Viking)"]
[Site "?"]
[Date "2014.03.09"]
[Round "9"]
[White "Brynell, Stellan"]
[Black "Ivanov, Sergey"]
[Result "0-1"]
[WhiteElo "2549"]
[BlackElo "2624"]
[PlyCount "82"]

1. d4 d5 2. c4 c6 3. Nc3 Nf6 4. Nf3 e6 5. e3 Nbd7 6. Bd3 dxc4 7. Bxc4 b5 8. Bd3
a6 9. a4 b4 10. Ne4 c5 11. Nxf6+ Qxf6 12. e4 Bb7 13. O-O cxd4 14. Bg5 Qg6 15.
Rc1 Bc5 16. Qd2 h6 17. Bf4 Bxe4 18. Bxe4 Qxe4 19. Rfe1 Qd5 20. Ne5 Rc8 21. Qd3
O-O 22. Qxa6 Nxe5 23. Rxe5 Qd6 24. Qf1 Ba7 25. g3 Rxc1 26. Qxc1 d3 27. Rb5 Qd7
28. Rxb4 Rc8 29. Qd1 Rc2 30. Bd2 Bc5 31. Rb8+ Kh7 32. Rb5 f5 33. b4 Bd4 34. Be1
Qc6 35. Qxd3 Rc1 36. Qd2 Qc3 37. Kg2 Rxe1 38. Qxc3 Bxc3 39. a5 Ra1 40. Rb6 e5
41. a6 Bd4 0-1

[Event "Elit(Limhamn-Team Viking)"]
[Site "?"]
[Date "2014.03.09"]
[Round "9"]
[White "Cramling, Pia"]
[Black "Johansson, Linus"]
[Result "1-0"]
[WhiteElo "2530"]
[BlackElo "2425"]
[PlyCount "129"]
[EventDate "2014.??.??"]

1. d4 Nf6 2. Nf3 e6 3. c4 c5 4. d5 exd5 5. cxd5 d6 6. e4 g6 7. Bd3 Bg7 8. h3
O-O 9. O-O c4 10. Bc2 b5 11. Re1 Nfd7 12. Nc3 b4 13. Na4 Re8 14. Bf4 Ne5 15.
Nxe5 Bxe5 16. Bxe5 Rxe5 17. f4 Re8 18. Qd2 Na6 19. a3 b3 20. Bd1 Bd7 21. Nc3
Nc5 22. Bf3 Qh4 23. Rf1 f5 24. e5 dxe5 25. d6 e4 26. Qd5+ Ne6 27. Be2 Kg7 28.
Bxc4 Nxf4 29. Qf7+ Kh6 30. Qxd7 Nxh3+ 31. gxh3 Qg3+ 32. Kh1 Qxh3+ 33. Kg1 Qg3+
34. Kh1 Qh3+ 35. Kg1 Qg3+ 36. Kh1 f4 37. Ne2 Qh4+ 38. Kg1 f3 39. Rf2 Rad8 40.
Qxa7 Qg4+ 41. Kh1 Re5 42. Qe3+ Kg7 43. Qd4 Qf5 44. Rh2 fxe2 45. Bxe2 h5 46. Rc1
Kh6 47. Qe3+ Qg5 48. Qxg5+ Kxg5 49. Rd1 e3 50. d7 Rc5 51. a4 Rc2 52. Bb5 Kf4
53. Rxc2 bxc2 54. Rc1 e2 55. Bxe2 Rxd7 56. Rxc2 Ke3 57. a5 Rd4 58. a6 Kf2 59.
Bxh5+ Kg3 60. Rc3+ Kf2 61. Rf3+ Ke1 62. Bxg6 Rh4+ 63. Kg2 Rg4+ 64. Rg3 Ra4 65.
Ra3 1-0

[Event "Elit(Limhamn-Team Viking)"]
[Site "?"]
[Date "2014.03.09"]
[Round "9"]
[White "Jepson, Christian"]
[Black "Berg, Emanuel"]
[Result "1/2-1/2"]
[WhiteElo "2471"]
[BlackElo "2560"]
[PlyCount "119"]

1. c4 g6 2. Nc3 Bg7 3. d4 Nf6 4. e4 d6 5. Be2 O-O 6. Nf3 e5 7. d5 a5 8. Bg5 h6
9. Bh4 Na6 10. Nd2 Qe8 11. O-O Nh7 12. a3 Bd7 13. b3 h5 14. f3 Bh6 15. Kh1 Bg5
16. Bxg5 Nxg5 17. Rb1 Nc5 18. b4 axb4 19. axb4 Na4 20. Nxa4 Rxa4 21. Qc1 f5 22.
Bd3 Kg7 23. c5 fxe4 24. Nxe4 Nxe4 25. Bxe4 Bf5 26. Bxf5 Rxf5 27. cxd6 cxd6 28.
Qc7+ Qf7 29. Qxd6 e4 30. Qe6 exf3 31. Qxf7+ Kxf7 32. Rxf3 Rxf3 33. gxf3 Ke7 34.
Re1+ Kd6 35. Re6+ Kxd5 36. Rb6 Ke5 37. Kg2 Kf4 38. Rf6+ Kg5 39. Rb6 Kh4 40. f4
Ra2+ 41. Kf3 Ra6 42. Rxb7 Kh3 43. b5 Rf6 44. Ke3 Kxh2 45. Rc7 Rf5 46. Rc6 Rxb5
47. Rxg6 h4 48. Rg5 Rb3+ 49. Ke4 h3 50. f5 Rg3 51. Kf4 Rxg5 52. Kxg5 Kg3 53. f6
h2 54. f7 h1=Q 55. f8=Q Qh4+ 56. Kg6 Qg4+ 57. Kh7 Qh5+ 58. Kg8 Qg6+ 59. Qg7
Qxg7+ 60. Kxg7 1/2-1/2

[Event "Elit(Limhamn-Team Viking)"]
[Site "?"]
[Date "2014.03.09"]
[Round "9"]
[White "Westerberg, Jonathan"]
[Black "Lindgren, Philip"]
[Result "1/2-1/2"]
[WhiteElo "2476"]
[BlackElo "2413"]
[PlyCount "86"]

1. e4 c6 2. d4 d5 3. Nc3 dxe4 4. Nxe4 Nd7 5. Nf3 Ngf6 6. Ng3 e6 7. Bd3 Bd6 8.
O-O O-O 9. Qe2 c5 10. Ne4 Be7 11. dxc5 Nxc5 12. Nxc5 Bxc5 13. Bg5 Be7 14. Rad1
Qc7 15. Ne5 Rd8 16. Rfe1 h6 17. Bf4 Bd6 18. c3 Bd7 19. Bc2 Be8 20. Rd4 Qe7 21.
Red1 Bc5 22. R4d3 Nd5 23. Bg3 Rac8 24. c4 Nb4 25. Rxd8 Rxd8 26. Bb1 Nc6 27.
Rxd8 Qxd8 28. Qd3 Qg5 29. h4 Qc1+ 30. Kh2 Qxb2 31. Qh7+ Kf8 32. Nd3 Qxb1 33.
Qh8+ Ke7 34. Nxc5 Qb2 35. Ne4 Ne5 36. c5 Bc6 37. Qb8 Ng4+ 38. Kh3 Bxe4 39. Kxg4
Bf5+ 40. Kh5 Bg6+ 41. Kg4 Bf5+ 42. Kh5 Bg6+ 43. Kg4 Bf5+ 1/2-1/2

[Event "Elit(Limhamn-Team Viking)"]
[Site "?"]
[Date "2014.03.09"]
[Round "9"]
[White "Schneider, Stefan"]
[Black "Lindberg, Bo"]
[Result "1-0"]
[WhiteElo "2423"]
[BlackElo "2492"]
[PlyCount "117"]

1. d4 Nf6 2. c4 g6 3. Nc3 d5 4. cxd5 Nxd5 5. e4 Nxc3 6. bxc3 Bg7 7. Be3 c5 8.
Qd2 cxd4 9. cxd4 Nc6 10. Rd1 Qa5 11. Qxa5 Nxa5 12. Nf3 Bg4 13. Bb5+ Bd7 14.
Bxd7+ Kxd7 15. Ke2 Rhc8 16. Kd3 Nc4 17. Rb1 b6 18. Rhc1 Nxe3 19. fxe3 e6 20. e5
h6 21. Rf1 Rf8 22. Rf2 f6 23. Rbf1 g5 24. exf6 Rxf6 25. Nxg5 Rxf2 26. Rxf2 Bxd4
27. Rf7+ Kc6 28. Nxe6 Be5 29. Rh7 Rh8 30. Rxh8 Bxh8 31. Nd4+ Kc5 32. g4 Bf6 33.
Nf5 h5 34. gxh5 b5 35. h6 Kd5 36. Nd4 a6 37. h7 Ke5 38. Nc6+ Kd6 39. Nd4 Ke5
40. e4 Bh8 41. h4 Kf6 42. Nc6 Kg6 43. e5 Kxh7 44. Kd4 Kg6 45. Kd5 Kf7 46. e6+
Ke8 47. Kc5 Bc3 48. Kb6 a5 49. Kxb5 Bd2 50. a4 Kf8 51. Kc5 Ke8 52. Kd5 Kf8 53.
Ke5 Bc3+ 54. Kf5 Kg7 55. Ne5 Kf8 56. h5 Bd2 57. Nf7 Bc3 58. h6 Kg8 59. h7+ 1-0

[Event "Elit(Limhamn-Team Viking)"]
[Site "?"]
[Date "2014.03.09"]
[Round "9"]
[White "Pettersson, Anders"]
[Black "Mansson, Lars"]
[Result "1/2-1/2"]
[WhiteElo "2355"]
[BlackElo "2285"]
[PlyCount "145"]

1. d4 d5 2. Nf3 Nf6 3. c4 c6 4. Nc3 dxc4 5. a4 Bf5 6. e3 e6 7. Bxc4 Bb4 8. O-O
O-O 9. Qe2 Bg6 10. Ne5 Nbd7 11. Nxg6 hxg6 12. Rd1 Qa5 13. Bd2 Rad8 14. e4 e5
15. d5 Nb6 16. dxc6 bxc6 17. Bb3 Rd4 18. Be1 Nbd7 19. f4 Qb6 20. Bf2 Bc5 21.
Ba2 Rxd1+ 22. Nxd1 Qb4 23. h3 Nxe4 24. Bxc5 Qxc5+ 25. Kh2 Ndf6 26. Bb1 Qd4 27.
Bxe4 Nxe4 28. fxe5 Qxe5+ 29. Kg1 Qc5+ 30. Qe3 Qxe3+ 31. Nxe3 Rb8 32. Rc1 c5 33.
Nc4 Rb4 34. a5 f5 35. Rc2 Ra4 36. Kh2 Kf8 37. Ne5 Rxa5 38. Nxg6+ Kf7 39. Ne5+
Ke6 40. Nd3 Kd5 41. b4 Rb5 42. bxc5 Nxc5 43. Nb2 Ne4 44. Nd3 a5 45. Nf4+ Ke5
46. Ng6+ Kd6 47. Rc8 a4 48. Ra8 Nc5 49. Nh4 Ke6 50. Re8+ Kf6 51. Rf8+ Ke7 52.
Ra8 Ke6 53. Re8+ Kf6 54. Rf8+ Ke5 55. Nf3+ Ke4 56. Ra8 Rb6 57. Rc8 Kd5 58. Nd2
Ra6 59. Rd8+ Kc6 60. Rc8+ Kb5 61. Rf8 g6 62. h4 Rb6 63. h5 gxh5 64. Rxf5 a3 65.
Nb1 Ra6 66. Rxh5 Kc4 67. Rh4+ Kd5 68. Nc3+ Ke5 69. Rh5+ Kd4 70. Nb5+ Kc4 71.
Nxa3+ Rxa3 72. Rh8 Ne6 73. Rb8 1/2-1/2

[Event "Elit(Limhamn-Team Viking)"]
[Site "?"]
[Date "2014.03.09"]
[Round "9"]
[White "Penalver, Osmani"]
[Black "Bellon Lopez, Juan"]
[Result "1-0"]
[WhiteElo "2287"]
[BlackElo "2428"]
[PlyCount "99"]

1. d4 Nf6 2. c4 c5 3. d5 e5 4. Nc3 d6 5. e4 Be7 6. f3 O-O 7. Be3 Ne8 8. g4 Bh4+
9. Kd2 a6 10. Kc2 g6 11. Nge2 Ng7 12. Rg1 Nd7 13. Qd2 Nf6 14. Ng3 Kh8 15. Bd3
Bd7 16. Rg2 Ng8 17. Rag1 b5 18. Kb1 bxc4 19. Bxc4 f6 20. Ka1 Qe7 21. Qd3 Ne8
22. Bxa6 Nc7 23. Bc4 Ra5 24. Nge2 Bg5 25. Nc1 Bxe3 26. Qxe3 Rb8 27. h4 Rb4 28.
b3 g5 29. Nd3 Rb8 30. Rb1 Ra3 31. Qc1 Raa8 32. b4 cxb4 33. Rxb4 gxh4 34. Rxb8
Rxb8 35. Qh1 Nh6 36. Qxh4 Nf7 37. Rb2 Rxb2 38. Nxb2 Ng5 39. Qf2 Qd8 40. Qb6
Nxf3 41. Qxd6 Ng5 42. Nb5 Nxe4 43. Qxc7 Qxc7 44. Nxc7 Bxg4 45. a4 h5 46. a5 Bc8
47. a6 Bxa6 48. Bxa6 Kg7 49. Bd3 Nc5 50. Ne6+ 1-0

[Event "Elit(LASK-Rockaden,Sthlm)"]
[Site "?"]
[Date "2014.03.09"]
[Round "9"]
[White "Blomqvist, Erik"]
[Black "Tikkanen, Hans"]
[Result "0-1"]
[WhiteElo "2580"]
[BlackElo "2631"]
[PlyCount "110"]

1. Nf3 Nf6 2. c4 b6 3. g3 Bb7 4. Bg2 c5 5. Nc3 g6 6. O-O Bg7 7. d4 cxd4 8. Qxd4
O-O 9. Rd1 Ne4 10. Qd3 Nxc3 11. bxc3 d6 12. Bg5 h6 13. Be3 Qc7 14. Qd2 Kh7 15.
Bd4 Nd7 16. Bxg7 Kxg7 17. Qd4+ Nf6 18. a4 Rac8 19. a5 Bxf3 20. axb6 axb6 21.
Bxf3 Qxc4 22. Rdb1 Qxc3 23. Qxc3 Rxc3 24. Rxb6 Rfc8 25. Ra7 R8c7 26. Rxc7 Rxc7
27. Bc6 g5 28. Kg2 d5 29. Ra6 e6 30. Rb6 Ne4 31. Ra6 Nc5 32. Rb6 Ne4 33. Ra6
Nc3 34. Kf3 g4+ 35. Kxg4 Nxe2 36. Bb5 Nd4 37. Ba4 Rc3 38. Rb6 Nf3 39. Bd1 Ng5
40. Rb2 Kg6 41. f4 h5+ 42. Kh4 Nf3+ 43. Kh3 Nd4 44. Rb8 Rd3 45. Ba4 Rd2 46.
Rg8+ Kf6 47. Rh8 Nf3 48. Rxh5 Rxh2+ 49. Kg4 Rxh5 50. Kxh5 d4 51. g4 d3 52. Kh6
Nd4 53. g5+ Kf5 54. Kg7 Kxf4 55. Kf6 e5 0-1

[Event "Elit(LASK-Rockaden,Sthlm)"]
[Site "?"]
[Date "2014.03.09"]
[Round "9"]
[White "Hansen, Sune Berg"]
[Black "Bator, Robert"]
[Result "1/2-1/2"]
[WhiteElo "2636"]
[BlackElo "2472"]
[PlyCount "40"]
[EventDate "2014.??.??"]

1. d4 d5 2. c4 c6 3. Nf3 a6 4. Nc3 Nf6 5. Ne5 e6 6. e3 Nbd7 7. f4 c5 8. cxd5
exd5 9. Bd3 b5 10. O-O Bb7 11. Qf3 Be7 12. Bd2 b4 13. Ne2 Ne4 14. Rad1 O-O 15.
Qh3 Nxe5 16. dxe5 f5 17. exf6 Nxf6 18. Be1 Bc8 19. Bf5 Bxf5 20. Qxf5 Qc8
1/2-1/2

[Event "Elit(LASK-Rockaden,Sthlm)"]
[Site "?"]
[Date "2014.03.09"]
[Round "9"]
[White "Karlsson, Lars"]
[Black "Semcesen, Daniel"]
[Result "1/2-1/2"]
[WhiteElo "2456"]
[BlackElo "2535"]
[PlyCount "111"]

1. b3 b6 2. Bb2 Bb7 3. e3 e6 4. f4 f5 5. Nf3 Nf6 6. a4 a5 7. Na3 g6 8. g3 Bg7
9. Bg2 O-O 10. O-O Qe7 11. Nc4 d6 12. Qe2 Nbd7 13. Nd4 d5 14. Nb5 c6 15. Ba3
Qd8 16. Nd4 Nc5 17. Ne5 Qc8 18. d3 Re8 19. Ndf3 Qc7 20. Rac1 Bf8 21. Bb2 Bg7
22. Rfd1 Rac8 23. Qe1 Qe7 24. d4 Nce4 25. c4 c5 26. Ba3 Qc7 27. Nd2 Bf8 28.
Nxe4 dxe4 29. Bb2 Bg7 30. Rd2 Red8 31. Rcd1 Nd7 32. Nxd7 Rxd7 33. dxc5 Rxd2 34.
Qxd2 Bxb2 35. Qxb2 bxc5 36. Qf6 Re8 37. h4 Bc6 38. h5 gxh5 39. Bf1 Qf7 40. Qh4
Qe7 41. Qxe7 Rxe7 42. Rd6 Be8 43. Rd8 Kf8 44. Be2 Rd7 45. Rc8 Ke7 46. Rxc5 Rd2
47. Kf1 Rb2 48. Rxa5 Rxb3 49. Kf2 Ra3 50. Ra7+ Kd6 51. a5 Ra2 52. Ke1 Ra1+ 53.
Kf2 Ra2 54. Ke1 Ra1+ 55. Kf2 Ra2 56. Ke1 1/2-1/2

[Event "Elit(LASK-Rockaden,Sthlm)"]
[Site "?"]
[Date "2014.03.09"]
[Round "9"]
[White "Smith, Axel"]
[Black "Wiedenkeller, Michael"]
[Result "1-0"]
[WhiteElo "2544"]
[BlackElo "2537"]
[PlyCount "71"]

1. e4 e6 2. d4 d5 3. Nc3 Nf6 4. Bg5 dxe4 5. Nxe4 Nbd7 6. Nf3 Be7 7. Nxf6+ Bxf6
8. h4 a6 9. Bd3 c5 10. Qe2 cxd4 11. O-O-O Nc5 12. Bc4 Bd7 13. Rxd4 b5 14. Bb3
h6 15. Bxf6 Qxf6 16. Ne5 Rc8 17. Qe3 Qe7 18. Rhd1 Bc6 19. Rg4 g6 20. f3 Nxb3+
21. axb3 Bd5 22. b4 h5 23. Rgd4 Qc7 24. c3 Qe7 25. Qf4 Ra8 26. g4 Rd8 27. Nc6
Qxh4 28. Nxd8 Qxd8 29. Rxd5 exd5 30. Qe5+ Kd7 31. Rxd5+ Kc6 32. Rxd8 Rxd8 33.
gxh5 gxh5 34. Qf6+ Rd6 35. Qxf7 h4 36. Qh7 1-0